Data Mining Techniques (Record no. 3831)

MARC details
000 -LEADER
fixed length control field 00336nam a2200145Ia 4500
008 - FIXED-LENGTH DATA ELEMENTS--GENERAL INFORMATION
fixed length control field 191201s2008 xx 000 0 und d
082 ## - DEWEY DECIMAL CLASSIFICATION NUMBER
Classification number 006.3
Item number PUD
100 ## - MAIN ENTRY--PERSONAL NAME
Personal name PUJARI, Arun K
245 #0 - TITLE STATEMENT
Title Data Mining Techniques
250 ## - EDITION STATEMENT
Edition statement imp.
260 ## - PUBLICATION, DISTRIBUTION, ETC. (IMPRINT)
Place of publication, distribution, etc N.Delhi
Name of publisher, distributor, etc University Press
Date of publication, distribution, etc 2008
300 ## - PHYSICAL DESCRIPTION
Extent 288
650 ## - SUBJECT ADDED ENTRY--TOPICAL TERM
Topical term or geographic name as entry element MBA
942 ## - ADDED ENTRY ELEMENTS (KOHA)
Source of classification or shelving scheme Dewey Decimal Classification
Koha item type Text Books
Holdings
Withdrawn status Lost status Source of classification or shelving scheme Damaged status Not for loan Collection code Home library Current library Date acquired Source of acquisition Cost, normal purchase price Bill Number Total Checkouts Full call number Acc. no. / Barcode Date last seen Bill Date Koha item type Checked out Date last borrowed
    Dewey Decimal Classification     MBA PIET C-LIBRARY PIET C-LIBRARY 25/02/2009 J B C, New Delhi 350.00 SI-5594   006.3 PUD 11502 04/12/2019 06/02/2009 Text Books    
    Dewey Decimal Classification     MBA PIET C-LIBRARY PIET C-LIBRARY 25/02/2009 J B C, New Delhi 350.00 SI-5594   006.3 PUD 11503 04/12/2019 06/02/2009 Text Books    
    Dewey Decimal Classification     MBA PIET C-LIBRARY PIET C-LIBRARY 25/02/2009 J B C, New Delhi 350.00 SI-5594   006.3 PUD 11504 04/12/2019 06/02/2009 Text Books    
    Dewey Decimal Classification     MBA PIET C-LIBRARY PIET C-LIBRARY 25/02/2009 J B C, New Delhi 350.00 SI-5594   006.3 PUD 11505 04/12/2019 06/02/2009 Text Books    
    Dewey Decimal Classification     MBA PIET C-LIBRARY PIET C-LIBRARY 25/02/2009 J B C, New Delhi 350.00 SI-5594 2 006.3 PUD 11506 29/01/2025 06/02/2009 Text Books 18/08/2025 29/01/2025

Design & Developed by: PIET Central Library
R70 Miles Stone Pattikalyana Samalkha Panipat 132102
mail ID :- [email protected], Phone No:- 0180-2569700 Ex.216